000 00887nab#a2200265#c#4500
999 _c122031
_d122031
003 IEF
005 20191211123854.0
008 950704s1975 uuu|| #####0 b| |u
040 _aIEF
_cES-MaIEF
100 1 _aCurtin, Richard T.
_911830
245 _aActitudes de los americanos hacia el gasto público y su financiación
_bun análisis secundario
_c Richard T. Curtin y Charles D. Chowan
260 _aMadrid
_b Instituto de Estudios Fiscales [IEF]
_c1975
500 _aResumen
650 4 _aPSICOLOGIA FINANCIERA
_948179
650 4 _aSOCIOLOGIA FINANCIERA
_948474
650 4 _aSOCIOLOGIA TRIBUTARIA
_948479
650 4 _aESTADOS UNIDOS
_942888
650 4 _aGASTO PUBLICO
_944787
650 4 _aFINANCIACION
_944260
700 _967686
_aChowan, Charles D.
773 0 _tHacienda pública española
_w34570
_g34, p. 155-167
942 _2udc
942 _2udc